000 00565nam a22001937a 4500
005 20251108174953.0
008 250721s2010 xx 000 0 ara d
082 1 4 _a726.1/عما
100 1 _aالعمري، محمد
245 1 0 _aعمارة الأضرحة /
264 1 _aالقاهرة :
_bدار اخبار اليوم،
_c2010.
300 _a154ص.
490 0 _aكتاب اليوم
_v543
650 1 7 _aالعمارة الاسلامية
650 1 7 _aالفنون الاسلامية
650 1 7 _aالاضرحة
942 _2ddc
_cBK
999 _c122834
_d122834